Zdroje invencií pre inovácie

V súčasnosti pri niektorých zdrojoch invencií nastáva problém s ich zaradením do interných alebo externých zdrojov a preto cieľom tohto príspevku je popísať z pohľadu teoretického chápania zdroje invencií pre inovácie, tak ako sú využívané v súčasnosti v podnikateľskom prostredí, založené na princíp...

Full description

Saved in:
Bibliographic Details
Main Author: Loučanová, Erika
Other Authors: Kalamárová, Martina
Format: Book Chapter
Language:Slovak
Subjects:
Tags: Add Tag
No Tags, Be the first to tag this record!

MARC

LEADER 00000nla a2200000 4500
001 0243124
005 20240417075139.5
041 0 |a slo 
044 |a SK 
245 1 0 |a Zdroje invencií pre inovácie  |c Erika Loučanová, Martina Kalamárová 
520 |a V súčasnosti pri niektorých zdrojoch invencií nastáva problém s ich zaradením do interných alebo externých zdrojov a preto cieľom tohto príspevku je popísať z pohľadu teoretického chápania zdroje invencií pre inovácie, tak ako sú využívané v súčasnosti v podnikateľskom prostredí, založené na princípe otvoreného inovačného systému. 
610 2 0 |a inovácie sociálne 
610 2 0 |a inovácie technologické 
610 2 0 |a zdroje ľudské 
610 2 0 |a know-how 
610 2 0 |a vývoj 
610 2 0 |a prostredie podnikateľské 
610 2 0 |a prostredie podnikové 
610 2 0 |a rast hospodársky 
610 2 0 |a rast podniku 
100 1 |a Loučanová, Erika 
700 1 |a Kalamárová, Martina